000 00615nam a2200217 i 4500
001 C2-0223097
003 PPAK
005 20180728152051.0
008 000201s1947 my a|||| ||||| | may d
040 _aPPAK
_beng
_cPPAK
_erda
082 0 4 _a920.71
_223
090 0 0 _a920.71
_bBOL
_dKAH
100 0 _aBolton Sarah K.,
_eauthor
245 1 0 _aKisah hidup anak-anak miskin menjadi mashor
264 1 _aKuala Lumpur :
_bAngkatan Baru ,
_c1947
300 _a176 pages :
_billustrations ;
_c19 cm
336 _2rdacontent
_atext
337 _2rdamedia
_aunmediated
338 _2rdacarrier
_avolume
942 _ddc
_cB
999 _c144301
_d144301